Statistics for World Capitals Containing L

Click here to take the quiz!

General Stats

  • This quiz has been taken 2,977 times
    (2,967 since last reset)
  • The average score is 44 of 54

Answer Stats

Answer% Correct
London
94%
Wellington
93%
Helsinki
92%
Lisbon
92%
Oslo
91%
Ulaanbaatar
91%
Jerusalem
89%
Brasília
88%
Islamabad
88%
Lima
88%
Vilnius
88%
Algiers
87%
Dublin
87%
Valletta
87%
Ljubljana
86%
Luanda
86%
Tallinn
86%
Berlin
85%
Bratislava
85%
Brussels
85%
Lusaka
85%
Luxembourg
85%
New Delhi
85%
Kuala Lumpur
83%
Belmopan
82%
Dili
82%
Libreville
82%
Lomé
82%
Andorra la Vella
81%
Guatemala City
81%
Port Louis
81%
Stockholm
81%
Belgrade
80%
Brazzaville
79%
Kigali
79%
Port Vila
79%
Kabul
78%
La Paz
78%
Malé
78%
Seoul
78%
Kampala
77%
Lilongwe
77%
Manila
77%
Tripoli
76%
Tegucigalpa
75%
Palikir
74%
Tbilisi
72%
Malabo
71%
San Salvador
71%
Banjul
67%
Nukuʻalofa
63%
Bloemfontein
62%
Ngerulmud
62%
Colombo
52%

Score Distribution

Percentile by Number Answered

Percent of People with Each Score

Your Score History

You have not taken this quiz since the last reset